000 00482nam a22001817a 4500
001 00028637
005 20260325093444.0
008 260325b ag ||||| |||| 00| 0 spa d
022 _a16660307
040 _bspa
_cAR-CcCEOS
080 _a159.94
090 _bMAL11
245 _aMal estar 11 :
_bpsicoanálisis / cultura
_cSamuel Amaral ... [et.al]
260 _aBuenos Aires :
_bEDULP,
_c2010.
300 _a144 p. ;
_c20x15 cm.
650 0 _apsicoanálisis
942 _2udc
_cBK
999 _c28669
_d28669
945 _c66467
_dMelina Rolando